Videoculturas de fin de siglo

Uloženo v:
Podrobná bibliografie
Médium: Kniha
Jazyk:španělština
Vydáno: Madrid Eds. Cátedra 1990
Témata:
Tagy: Přidat tag
Žádné tagy, Buďte první, kdo vytvoří štítek k tomuto záznamu!

MARC

LEADER 00000nam a2200000 a 4500
001 UCY3526
003 CL-VaPUC
008 950103e19900000SP |||||||||||||||||spa|d
082 0 4 |a 384.55  |b VID  |2 21 
245 1 0 |a Videoculturas de fin de siglo 
300 |a 182 p 
942 |c BK 
945 |d 19950103 00:00:00  |a rbrito 
260 |a Madrid  |b Eds. Cátedra  |c 1990 
650 0 |a Videoarte  |9 268449 
650 7 |a MEDIOS DE COMUNICACION DE MASAS Y LENGUAJE  |2 CL-VaPUC  |9 331841 
650 7 |a TELEDIFUSION  |2 CL-VaPUC  |9 331842 
583 |a last modification  |c 19950103 00:00:00  |k Rodrigo Vera 
999 |c 231635  |d 231633 
952 |0 0  |1 0  |4 0  |6 384_550000000000000_VID_1990  |7 0  |8 A  |9 235074  |a BIBCUR  |b BIBCUR  |d 2019-11-15  |i 3047474  |o 384.55 VID 1990  |p 3047474  |r 2025-04-22  |w 2019-11-15  |y BK  |k PER